OECD Economic Surveys: Austria 2017 July 2017

Saved in:
Bibliographic Details
Format: Book
Language:English
Published: Paris OECD 2017
Series:OECD Economic Surveys
Subjects:
Tags: Add Tag
No Tags, Be the first to tag this record!

MARC

LEADER 00000nam a2200000 4500
001 0241088
005 20240314123249.9
020 |a 978-92-64-27875-2 
022 |a 1995-3127 
041 0 |a eng 
044 |a FR 
245 1 0 |a OECD Economic Surveys: Austria 2017  |b July 2017 
264 1 |a Paris  |b OECD  |c 2017 
300 |a 140 s. 
490 1 |a OECD Economic Surveys 
830 0 |a OECD Economic Surveys 
610 2 0 |a situácia hospodárska 
610 2 0 |a politika hospodárska 
610 2 0 |a rast hospodársky 
610 2 0 |a trh práce 
610 2 0 |a zručnosti 
610 2 0 |a dane 
610 2 0 |a benefity 
610 2 0 |a Rakúsko